| 000 -CABECERA |
| Longitud fija campo de control |
00649nam a2200205 a 4500 |
| 001 - NÚMERO DE CONTROL |
| Número de control |
5208 |
| 003 - IDENTIFICADOR DEL NÚMERO DE CONTROL |
| Identificador del número de control |
CDMR |
| 005 - FECHA Y HORA DE LA ÚLTIMA TRANSACCIÓN |
| Fecha y hora de la última transacción |
20131111141009.0 |
| 008 - CÓDIGOS DE INFORMACIÓN DE LONGITUD FIJA |
| Códigos de información de longitud fija |
130130s1988||||||||||||||||||||||||||||d |
| 020 ## - NÚMERO INTERNACIONAL NORMALIZADO PARA LIBROS |
| Número Internacional Normalizado para Libros (ISBN) |
0801300630 |
| 040 ## - FUENTE DE LA CATALOGACIÓN |
| Centro catalogador de origen |
CDMR |
| Lengua de catalogación |
cat |
| Centro transcriptor |
CDMR |
| 245 #0 - MENCIÓN DE TÍTULO |
| Título |
Media USA |
| Resto del título |
: process and effect |
| Mención de responsabilidad, etc. |
Arthur Asa Berger |
| 260 ## - PUBLICACIÓN, DISTRIBUCIÓN, ETC. (PIE DE IMPRENTA) |
| Lugar de publicación, distribución, etc. |
New York |
| Fecha de publicación, distribución, etc. |
1988 |
| Nombre del editor, distribuidor, etc. |
Longman |
| 300 ## - DESCRIPCIÓN FÍSICA |
| Extensión |
591 p ; |
| Dimensiones |
23 cm |
| 490 0# - MENCIÓN DE SERIE |
| Mención de serie |
Longman series in public communication |
| 650 04 - PUNTO DE ACCESO ADICIONAL DE MATERIA - TÉRMINO DE MATERIA |
| 9 (RLIN) |
3267 |
| Término de materia o nombre geográfico como elemento inicial |
Mitjans de comunicació de massa |
| Subdivisión geográfica |
Estats Units d'Amèrica |
| 650 04 - PUNTO DE ACCESO ADICIONAL DE MATERIA - TÉRMINO DE MATERIA |
| 9 (RLIN) |
4312 |
| Término de materia o nombre geográfico como elemento inicial |
Empreses periodístiques |
| Subdivisión geográfica |
Estats Units d'Amèrica |
| 700 1# - PUNTO DE ACCESO ADICIONAL - NOMBRE DE PERSONA |
| Nombre de persona |
Berger, Arthur Asa |
| Término indicativo de función |
ed. lit. |
| 9 (RLIN) |
2778 |
| 942 ## - ENTRADA DE ELEMENTOS AGREGADOS (KOHA) |
| Koha [por defecto] tipo de item |
Monografies |
| Fuente de clasificaión o esquema |
|